MARC details
| 000 -LEADER |
| fixed length control field |
02636cam a22005658i 4500 |
| 001 - CONTROL NUMBER |
| control field |
on1034582756 |
| 003 - CONTROL NUMBER IDENTIFIER |
| control field |
OCoLC |
| 005 - DATE AND TIME OF LATEST TRANSACTION |
| control field |
20190530113657.0 |
| 008 - FIXED-LENGTH DATA ELEMENTS--GENERAL INFORMATION |
| fixed length control field |
180731t20192019nyua j 000 1 eng c |
| 010 ## - LIBRARY OF CONGRESS CONTROL NUMBER |
| LC control number |
2018035373 |
| 020 ## - INTERNATIONAL STANDARD BOOK NUMBER |
| International Standard Book Number |
9781338185737 |
| Qualifying information |
(hardcover) |
| 020 ## - INTERNATIONAL STANDARD BOOK NUMBER |
| International Standard Book Number |
133818573X |
| Qualifying information |
(hardcover) |
| 020 ## - INTERNATIONAL STANDARD BOOK NUMBER |
| International Standard Book Number |
9781338531657 |
| Qualifying information |
(paperback) |
| 020 ## - INTERNATIONAL STANDARD BOOK NUMBER |
| International Standard Book Number |
1338531654 |
| Qualifying information |
(paperback) |
| 035 ## - SYSTEM CONTROL NUMBER |
| System control number |
(OCoLC)1034582756 |
| Canceled/invalid control number |
(OCoLC)1034655141 |
| -- |
(OCoLC)1034872992 |
| 040 ## - CATALOGING SOURCE |
| Original cataloging agency |
NJQ/DLC |
| Language of cataloging |
eng |
| Description conventions |
rda |
| Transcribing agency |
DLC |
| Modifying agency |
OCLCF |
| -- |
OCLCO |
| -- |
TOH |
| -- |
NZ1 |
| -- |
JSE |
| -- |
OCLCO |
| -- |
TXLBH |
| -- |
OJ4 |
| -- |
IUI |
| -- |
UAP |
| -- |
DV1 |
| -- |
JAG |
| -- |
QQ3 |
| -- |
OCLCO |
| -- |
OCP |
| -- |
PCX |
| -- |
FFL |
| 042 ## - AUTHENTICATION CODE |
| Authentication code |
lcac |
| -- |
pcc |
| 049 ## - LOCAL HOLDINGS (OCLC) |
| Holding library |
UOKA |
| 050 00 - LIBRARY OF CONGRESS CALL NUMBER |
| Classification number |
PZ7.1.D3355 |
| Item number |
Gam 2019 |
| 082 04 - DEWEY DECIMAL CLASSIFICATION NUMBER |
| Classification number |
[Fic] |
| Edition number |
23 |
| 092 ## - LOCALLY ASSIGNED DEWEY CALL NUMBER (OCLC) |
| Classification number |
J DASGUPT |
| 999 ## - SYSTEM CONTROL NUMBERS (KOHA) |
| Koha Dewey Subclass [OBSOLETE] |
03425688 |
| 100 1# - MAIN ENTRY--PERSONAL NAME |
| Personal name |
DasGupta, Sayantani |
| Relator term |
author. |
| 9 (RLIN) |
5777670 |
| 245 10 - TITLE STATEMENT |
| Title |
Game of stars / (Kiranmala and the Kingdom Beyond Book 2) |
| Statement of responsibility, etc |
Sayantani DasGupta ; illustrations by Vivienne To. |
| 250 ## - EDITION STATEMENT |
| Edition statement |
First edition. |
| 264 #1 - Production, Publication, Distribution, Manufacture, and Copyright Notice. |
| Place of production, publication, distribution, manufacture |
New York, NY : |
| Name of producer, publisher, distributor, manufacturer |
Scholastic, |
| Date of production, publication, distribution, manufacture, or copyr |
2019. |
| 264 #4 - Production, Publication, Distribution, Manufacture, and Copyright Notice. |
| Date of production, publication, distribution, manufacture, or copyr |
�2019 |
| 300 ## - PHYSICAL DESCRIPTION |
| Extent |
358 pages : |
| Other physical details |
illustrations ; |
| Dimensions |
22 cm. |
| 336 ## - Content Type |
| Content type term |
text |
| 337 ## - Media type |
| Media type term |
unmediated |
| 338 ## - Carrier type |
| Carrier type term |
volume |
| 490 1# - SERIES STATEMENT |
| Series statement |
Kiranmala and the Kingdom Beyond ; |
| Volume number/sequential designation |
book two |
| 520 ## - SUMMARY, ETC. |
| Summary, etc |
Months after Kiranmala's adventure in the Kingdom Beyond, a vision of the Demon Queen starts showing up in her bedroom, trying to tell Kiran something, but getting cutoff before she can finish; then she starts seeing an advertisement for an archery contest on her family's interdimensional television and Kiran realizes that she must return to her place of birth--where society is falling apart, a reality show is taking over, her friends are in danger, and she, once again, becomes the warrior princess she was meant to be. |
| 650 #0 - SUBJECT ADDED ENTRY--TOPICAL TERM |
| Topical term or geographic name as entry element |
East Indian Americans |
| Form subdivision |
Juvenile fiction. |
| 9 (RLIN) |
5741772 |
| 650 #0 - SUBJECT ADDED ENTRY--TOPICAL TERM |
| Topical term or geographic name as entry element |
Princesses |
| Form subdivision |
Juvenile fiction |
| 9 (RLIN) |
5673901 |
| 650 #0 - SUBJECT ADDED ENTRY--TOPICAL TERM |
| Topical term or geographic name as entry element |
Magic |
| Form subdivision |
Juvenile fiction |
| 9 (RLIN) |
5673690 |
| 650 #0 - SUBJECT ADDED ENTRY--TOPICAL TERM |
| Topical term or geographic name as entry element |
Quests (Expeditions) |
| Form subdivision |
Juvenile fiction. |
| 9 (RLIN) |
5675013 |
| 650 #0 - SUBJECT ADDED ENTRY--TOPICAL TERM |
| Topical term or geographic name as entry element |
Adventure stories |
| 9 (RLIN) |
78767 |
| 650 #1 - SUBJECT ADDED ENTRY--TOPICAL TERM |
| Topical term or geographic name as entry element |
Fantasy |
| 9 (RLIN) |
83797 |
| 650 #1 - SUBJECT ADDED ENTRY--TOPICAL TERM |
| Topical term or geographic name as entry element |
East Indian Americans |
| Form subdivision |
Fiction. |
| 9 (RLIN) |
5741774 |
| 650 #1 - SUBJECT ADDED ENTRY--TOPICAL TERM |
| Topical term or geographic name as entry element |
Princesses |
| Form subdivision |
Fiction. |
| 9 (RLIN) |
5673903 |
| 650 #1 - SUBJECT ADDED ENTRY--TOPICAL TERM |
| Topical term or geographic name as entry element |
Magic |
| Form subdivision |
Fiction. |
| 9 (RLIN) |
5673694 |
| 650 #1 - SUBJECT ADDED ENTRY--TOPICAL TERM |
| Topical term or geographic name as entry element |
Adventure and adventurers |
| Form subdivision |
Fiction |
| 9 (RLIN) |
102533 |
| 655 #7 - INDEX TERM--GENRE/FORM |
| Genre/form data or focus term |
Fantasy fiction |
| Source of term |
gsafd |
| 9 (RLIN) |
102641 |
| 655 #7 - INDEX TERM--GENRE/FORM |
| Genre/form data or focus term |
Fantasy fiction |
| Source of term |
lcgft |
| 9 (RLIN) |
102641 |
| 655 #7 - INDEX TERM--GENRE/FORM |
| Genre/form data or focus term |
Action and adventure fiction |
| Source of term |
lcgft |
| 9 (RLIN) |
5687309 |
| 700 1# - ADDED ENTRY--PERSONAL NAME |
| Personal name |
To, Vivienne |
| Relator term |
illustrator. |
| 9 (RLIN) |
5777671 |
| 800 1# - SERIES ADDED ENTRY--PERSONAL NAME |
| Personal name |
DasGupta, Sayantani. |
| Title of a work |
Kiranmala and the kingdom beyond ; |
| Volume/sequential designation |
book 2. |
| 9 (RLIN) |
5777672 |
| 942 ## - ADDED ENTRY ELEMENTS (KOHA) |
| Source of classification or shelving scheme |
Dewey Decimal Classification |
| Koha item type |
BOOK |